000 01402nam2a22002771 4500
001 v19\rc\2017650
005 20250620003526.0
035 _a(NLR Aleph) 005098428
090 _a7367245
_c7367245
100 _a20080925d1903 |||y0rusy50 ca
101 0 _arus
102 _aRU
105 _ay z |||a|
200 1 _aО почитании Пречистыя Нашея Владычицы Богородицы и Приснодевы Марии
_aВеличие Богоматери
_e[Стихотворение]
210 _dценз. 1903
_aБ. м.
215 _a24 с.
300 _aВ конце последнего стихотворения подпись: С.
423 0 _11010#$arus
_12001#$a[Стихотворение, посвященное Богородице]$f[С.]
_15401#$aСтихотворение, посвященное Богородице
_t[Стихотворение, посвященное Богородице]
461 0 _1001v19\rc\2017647
_12001#$aНародно-миссионерская библиотечка № ...$v№ 3
_97367216
_cСанкт-Петербург
_d1903
_nтипо-лит. В.В. Комарова
_tНародно-миссионерская библиотечка № ...
_v№ 3
700 1 _aОрлов
_bИ.
701 0 _aС.
801 0 _aRU
_bNLR
_gpsbo
801 1 _aRU
_bProSoft-M
_2rusmarc
852 _aNLR
_j132/5318
942 _cBOOK
980 _aNB